Thebes of the hundred gates : sound and light spectacle Karnak temples (Luxor) /

محفوظ في:

مؤلف مشترك: Egypt. Wizārat al-Thaqāfah.

مؤلفون آخرون: Bonheur, Gaston.

التنسيق: كتاب

اللغة: English

منشور في: [Cairo] : Ministry of Culture, Arab Republic of Egypt, 1975.

الموضوعات:

الوسوم: إضافة وسم

لا توجد وسوم, كن أول من يضع وسما على هذه التسجيلة!

رقم الطلب: DT73 .T3 T52

LEADER 00830nam a22002537a 4500
003 OSt
005 20251209120634.0
008 251209t1975 ua a g 000 0 eng d
010 |a 81961451 
040 |c ARCE Library 
043 |a f-ua--- 
050 1 4 |a DT73 .T3  |b T52 
245 0 0 |a Thebes of the hundred gates :   |b sound and light spectacle Karnak temples (Luxor) /   |c Gaston Bonheur. 
246 1 5 |a Nocturnal magic of Karnak. 
264 1 |a [Cairo] :   |b Ministry of Culture, Arab Republic of Egypt,   |c 1975. 
300 |a 96 pages :   |b illustrations (some color) ;   |c 22 cm. 
651 0 |a Thebes (Egypt : Extinct city) 
651 0 |a Egypt  |x Antiquities. 
700 1 |a Bonheur, Gaston.  |9 27008 
710 1 |a Egypt.  |b Wizārat al-Thaqāfah. 
740 0 |a Nocturnal magic of Karnak. 
901 |a reviewed 
942 |c BK  |2 lcc 
999 |c 19057  |d 19057